Piedras, cerámica y vidrio

Gespeichert in:
Bibliographische Detailangaben
1. Verfasser: Arredondo y Verdu, Francisco (VerfasserIn)
Format: Buch
Sprache:Spanisch
Veröffentlicht: Madrid ETS Ingenieros de Caminos 1991
Schlagworte:
Tags: Tag hinzufügen
Keine Tags, Fügen Sie den ersten Tag hinzu!

MARC

LEADER 00000nam a2200000 a 4500
001 UCV5977
003 CL-VaPUC
008 930309e19910000SP |||||||||||||||||spa|d
082 0 4 |a 691.2  |b ARR  |2 21 
100 0 |a Arredondo y Verdu, Francisco  |e author  |9 300208 
245 1 0 |a Piedras, cerámica y vidrio 
300 |a 203 p 
942 |c BK 
945 |d 19930309 00:00:00 
260 |a Madrid  |b ETS Ingenieros de Caminos  |c 1991 
650 7 |a PIEDRAS  |2 CL-VaPUC  |9 262881 
650 0 |a ceramica  |9 262882 
650 0 |a Vidrio  |9 262883 
650 0 |a Materiales de construcción  |9 260197 
650 0 |a Construcción  |9 260195 
583 |a last modification  |c 19930309 00:00:00  |k Rodrigo Vera 
999 |c 212253  |d 212251 
952 |0 0  |1 0  |4 0  |6 691_200000000000000_ARR_1991  |7 0  |8 A  |9 192873  |a BIBING  |b BIBING  |d 2019-11-14  |i 2605236  |o 691.2 ARR 1991  |p 2605236  |r 2025-01-20  |w 2019-11-14  |y BK  |k CCL